| 000 | 01616nim a22004218i 4500 | ||
|---|---|---|---|
| 001 | BK0029592380 | ||
| 005 | 20220923143843.0 | ||
| 007 | sd fungnnmmned | ||
| 008 | 220920s2022 nyunnnn f n eng d | ||
| 010 | _abl2022029187 | ||
| 020 |
_a9780593607442 : CMD _c45.00 |
||
| 020 |
_a0593607449 : CMD _c45.00 _qretail |
||
| 037 |
_bRandom House, 400 Bennett Cerf Dr, Westminster, MD, USA, 21157 _nSAN 201-3975 |
||
| 040 |
_aNjBwBT _beng _cNjBwBT _erda |
||
| 050 | 1 | 4 |
_aPS3557.R5355 _bB69 2022b |
| 082 | 0 | 4 |
_a813/.54 _223/eng/20220920 |
| 092 | _a813.5400 | ||
| 100 | 1 |
_aGrisham, John, _eauthor. |
|
| 245 | 1 | 4 |
_aThe boys from Biloxi : _ba novel / _cJohn Grisham. |
| 250 | _aUnabridged. | ||
| 264 | 1 |
_aNew York, New York : _bRandom House Audio, _c[2022] |
|
| 300 |
_aaudio discs ; _c4 3/4 in. |
||
| 336 | _aspoken word | ||
| 337 | _aaudio | ||
| 338 | _aaudio disc | ||
| 344 |
_adigital _2rda |
||
| 347 |
_aaudio file _2rda _bCD audio |
||
| 511 | 0 | _aRead by Michael Beck. | |
| 520 | _aTwo young men who were once childhood friends in their hometown of Biloxi, Mississippi find themselves, and their families, on opposite sides of an intense legal battle. | ||
| 650 | 0 |
_aFriendship _zMississippi _zBiloxi _vFiction. _96455223 |
|
| 650 | 0 |
_aAgency (Law) _zMississippi _zBiloxi _vFiction. _96455224 |
|
| 651 | 0 |
_aBiloxi (Miss.) _vFiction. _95772330 |
|
| 655 | 7 |
_aLegal fiction (Literature) _2lcgft _95713024 |
|
| 655 | 7 |
_aThrillers (Fiction) _2lcgft _95697221 |
|
| 655 | 7 |
_aNovels. _2lcgft |
|
| 655 | 7 |
_aAudiobooks. _2lcgft |
|
| 700 | 1 |
_aBeck, Michael, _d1949- _enarrator. _962548 |
|
| 999 |
_c377348 _d377348 |
||